| 000 | 00594 a2200217 4500 | ||
|---|---|---|---|
| 003 | 43667 | ||
| 005 | 20251006203037.0 | ||
| 008 | 251006b |||||||| |||| 00| 0 eng d | ||
| 022 | _a2635-3156 | ||
| 040 |
_cNile University of Nigeria, Abuja. _erda |
||
| 050 | _a K 60 .B3 | ||
| 082 | _a K 60 .B3 | ||
| 245 | _aBAZE UNIVERSITY LAW JOURNAL | ||
| 250 | _aVol1/2,2017/18 | ||
| 260 |
_aAbuja _bBaze university Press _c2017/2018 |
||
| 264 |
_aAbuja _bBaze university Press _c2017/2018 |
||
| 300 | _avi, 267 pg., 35 cm | ||
| 336 | _2rdacontent | ||
| 338 | _2rdacarrier | ||
| 942 |
_2lcc _cSERIAL |
||
| 999 |
_c43667 _d43667 |
||